000 00436nam a2200181Ia 4500
001 4001
005 20260306145724.0
008 260306t2015||||xx |||||||||||||| ||spa||
041 _aESP
082 _a306.81
_bR75
100 _aRodríguez Canales, José Manuel
_eAUT
245 0 _aVida sexual en el matrimonio
260 _c2015
300 _a145 páginas :
_c22 cm.
650 _aGEN
654 _aCHU
942 _cLIB
_dJUS
_fJUS
_2ddc
_n
999 _c4001
_d4001